| 000 | 00393cam a2200145 a 4500 | ||
|---|---|---|---|
| 020 | _a2852062399 | ||
| 040 | _cDLC | ||
| 082 | 0 | 0 | _a581 APR 1985 A026 Or. |
| 245 | 0 | 0 | _aProtéines végétales / |
| 260 |
_aParis : _bTechnique et documentation-Lavoisier : _bAPRIA, _cc1985. |
||
| 300 |
_axxvi, 629 p. : _bill. ; _c25 cm. |
||
| 650 | 0 | _aPlant proteins as food. | |
| 700 | 1 | _aGodon, B. | |
| 942 | _cEK | ||
| 999 |
_c13300 _d13300 |
||